تا ر يخ ا سلا م ا و ر حضر ت ز بير و آ ل ز بير کی خد مت (Record no. 169961)

MARC details
000 -LEADER
fixed length control field 00738nam a22001817a 4500
005 - DATE AND TIME OF LATEST TRANSACTION
control field 20200103111120.0
010 ## - LCCN (DPL NO)
LC control number B-80848
020 ## - INTERNATIONAL STANDARD BOOK NUMBER
Terms of availability 75.00
International Standard Book Number -
035 ## - SYSTEM CONTROL NUMBER
System control number B-80848
037 ## - SOURCE OF ACQUISITION
Source of stock number/acquisition BPPD
082 ## - DEWEY DECIMAL CLASSIFICATION NUMBER
Classification number 270.9
100 ## - MAIN ENTRY--PERSONAL NAME
Personal name ا لحا ج ظفر محمو د ز بير ی قا د ر ی
245 ## - TITLE STATEMENT
Title تا ر يخ ا سلا م ا و ر حضر ت ز بير و آ ل ز بير کی خد مت
Statement of responsibility, etc ا لحا ج ظفر محمو د ز بير ی قا د ر ی
260 ## - PUBLICATION, DISTRIBUTION, ETC. (IMPRINT)
Place of publication, distribution, etc N,Delhi
Date of publication, distribution, etc 2002 ء
Name of publisher, distributor, etc ا لحا ج ظفر محمو د ز بير ی قا د ر ی
270 ## - ADDRESS
Address Madarsa Gulshan Islam ,Jahan Panahud Houz Rani Malviya Nagar
City N.D.
Telephone number -
Postal code 110017
300 ## - PHYSICAL DESCRIPTION
Extent 144 ص
Dimensions 22 cm(hb)
942 ## - ADDED ENTRY ELEMENTS (KOHA)
Source of classification or shelving scheme Dewey Decimal Classification
Item type Urdu Bks
Classification part 270.9
Call number suffix ق ا د
Holdings
Withdrawn status Lost status Not for loan Collection code Home library Current library Date acquired Source of acquisition Cost, normal purchase price Full call number Barcode Copy number Cost, replacement price Koha item type
      Non-fiction Central Library Central Library 09/12/2019 BPPD/Ven. 75.00 270.9 ق ا د B-80848 1 75.00 Urdu Bks

© Delhi Public Library
Hit Counter
free hit counter